History Quiz

Random History or Year Quiz

Disneyland Attractions in Order Quiz Stats

 Plays Quiz not verified by Sporcle

Score 0/15 Timer 07:00
0 Plays Today
% Correct
It's a Small World
50.2%
Mr. Toad's Wild Ride
48.5%
Alice in Wonderland
40.7%
Star Wars Launch Bay
38.2%
Matterhorn Bobsleds
37.8%
Finding Nemo Submarine Voyage
36.5%
Enchanted Tiki Room
34.4%
Haunted Mansion
31.5%
% Correct
The Many Adventures of Winnie the Pooh
30.7%
Space Mountain
29.9%
Big Thunder Mountain Railroad
29.9%
Indiana Jones Adventure
29.5%
Pinocchio's Daring Journey
25.3%
Star Tours: The Adventure Continues
24.9%
Fantasmic!
23.2%

You're not logged in!

Compare scores with friends on all Sporcle quizzes.
OR
Log In

Show Comments

Extras

Top Quizzes Today


Score Distribution

Your Account Isn't Verified!

In order to create a playlist on Sporcle, you need to verify the email address you used during registration. Go to your Sporcle Settings to finish the process.

Report this User

Report this user for behavior that violates our Community Guidelines.

Details: